AutoCAD essentials : (Record no. 182701)
[ view plain ]
| 000 -LEADER | |
|---|---|
| fixed length control field | 01025 a2200205 4500 |
| 003 - CONTROL NUMBER IDENTIFIER | |
| control field | Nust |
| 005 - DATE AND TIME OF LATEST TRANSACTION | |
| control field | 20221019135449.0 |
| 010 ## - LIBRARY OF CONGRESS CONTROL NUMBER | |
| LC control number | 94037372 |
| 020 ## - INTERNATIONAL STANDARD BOOK NUMBER | |
| International Standard Book Number | 0201409097 (pbk.) |
| 035 ## - SYSTEM CONTROL NUMBER | |
| System control number | (DLC) 94037372 |
| 040 ## - CATALOGING SOURCE | |
| Transcribing agency | Nust |
| 082 00 - DEWEY DECIMAL CLASSIFICATION NUMBER | |
| Classification number | 620.00420285,GIB |
| 100 1# - MAIN ENTRY--PERSONAL NAME | |
| Personal name | Fane, Bill. |
| 9 (RLIN) | 75527 |
| 245 10 - TITLE STATEMENT | |
| Title | AutoCAD essentials : |
| Remainder of title | an unintimidating introduction to AutoCAD and AutoCAD LT / |
| Statement of responsibility, etc. | Bill Fane. |
| 260 ## - PUBLICATION, DISTRIBUTION, ETC. | |
| Place of publication, distribution, etc. | Reading, Mass. : |
| Name of publisher, distributor, etc. | Addison-Wesley, |
| Date of publication, distribution, etc. | c1995. |
| 300 ## - PHYSICAL DESCRIPTION | |
| Extent | x, 214 p. : |
| Other physical details | ill. ; |
| Dimensions | 24 cm. |
| 505 ## - FORMATTED CONTENTS NOTE | |
| Formatted contents note | Getting Started (Page-1), Entity Creation (Page-15), Display Commands (Page-35), Editing (Page-49), Drawing Aids (Page-73), Layers, Colors and Line Types (Page-87), Text and DTEXT (Page-99), Dimensioning (Page-113), Polylines and Polyline Editing (Page-131), More Entities (Page-147), Cross-Hatching (Page-161), Blocks and Attributes (Page-173), Drawing Scales Inquiry Commands and Units (Page-189), Customizing and System Management (Page-201). |
| 650 #0 - SUBJECT ADDED ENTRY--TOPICAL TERM | |
| Topical term or geographic name entry element | Computer graphics. |
| 9 (RLIN) | 1225 |
| 942 ## - ADDED ENTRY ELEMENTS (KOHA) | |
| Source of classification or shelving scheme | |
| Koha item type | Book |
| Withdrawn status | Lost status | Source of classification or shelving scheme | Damaged status | Not for loan | Permanent Location | Current Location | Shelving location | Date acquired | Full call number | Barcode | Date last seen | Price effective from | Koha item type | Public note |
|---|---|---|---|---|---|---|---|---|---|---|---|---|---|---|
| Military College of Signals (MCS) | Military College of Signals (MCS) | General Stacks | 12/12/2016 | 620.00420285,FAN | MCS1963 | 12/08/2016 | 12/12/2016 | Book | Almirah No.27, Shelf No.1 |
